00358nam a2200109Ia 4500008004000000082001300040100002600053245003100079260004800110300000800158650008200166210210b1952 xxu||||| |||| 00| 0 eng d a100 AYEL aAYER (Alfred Julies). aLanguage, truth and logic. aNew York.bDover Publications., Inc.,c1952 a160 aLanguage, truth, Logic, Metaphysics, Priori, Probability, Ethics, Theology